Ancient times, a history of the early world ; an introduction to the study of ancient history and the career of early man /

Bibliographic Details
Main Author: Breasted, James Henry, 1865-1935
Format: Book
Language:English
Published: Boston, New York [etc.] : Ginn and company, [1944]
Edition:2d ed., rev, and largely rewritten.
Subjects:

MARC

Tag First Indicator Second Indicator Subfields
LEADER 00000cam a2200000 4500
001 in00000302575
005 20151010092457.0
008 750902s1944 mauabe b 00010 eng d
035 |a (OCoLC)01591051 
035 |9 ABG6942AM 
040 |a DZM  |c DZM  |d TXA  |d UtOrBLW 
049 |a TXAM  |c 1 [259462]  |c 2 [259941] 
050 0 0 |a D59  |b .B77 1944 
100 1 |a Breasted, James Henry,  |d 1865-1935. 
245 1 0 |a Ancient times, a history of the early world ;  |b an introduction to the study of ancient history and the career of early man /  |c by James Henry Breasted. 
250 |a 2d ed., rev, and largely rewritten. 
264 1 |a Boston,  |a New York [etc.] :  |b Ginn and company,  |c [1944] 
264 4 |c [©1944] 
300 |a xiii, 823 pages :  |b illustrations (including plans) IV color plate (including frontispiece) maps (part double) diagram ;  |c 21 cm. 
336 |a text  |b txt  |2 rdacontent 
337 |a unmediated  |b n  |2 rdamedia 
338 |a volume  |b nc  |2 rdacarrier 
504 |a Bibliography: pages 797-810. "Bibliography for tropical studies" at end of each chapter. 
650 0 |a History, Ancient. 
999 |a MARS 
999 f f |s 8c43934e-9000-3d98-9dba-38eeb20f2915  |i 3b74b890-5888-3482-b85a-7fbb1a36d364  |t 0 
952 f f |p ric  |a Texas A&M University  |b Rellis Campus  |c Joint Library Facility  |s JLF  |d Remote Storage  |t 0  |e D59 .B77 1944  |h Library of Congress classification  |i unmediated -- volume  |m A14801870471 
998 f f |a D59 .B77 1944  |t 0  |l Remote Storage